Carnet de colla senglanaire : programa de seguiment de les poblacions de senglar a Catalunya programa de seguiment de les poblacions de senglar a Catalunya

Descripción Física: [56] p. : taules ; 21 cm

MARC

LEADER 00000nam a2200000Ia 4500
001 21066
008 160829s2006 xx 000 0 cat d
080 |a C-3-151 
245 |a Carnet de colla senglanaire :  |b  programa de seguiment de les poblacions de senglar a Catalunya 
260 |a Barcelona :  |b Diputació de Barcelona. Xarxa de Parcs Naturals,  |c 2006 
300 |a [56] p. :  |b  taules ;  |c 21 cm 
650 |a Senglar  |x Catalunya   |9 43079 
650 |a Caçadors  |x Identificació  |9 43080 
710 1 |a Barcelona (Catalunya : Província).  |b Xarxa de Parcs Naturals  |9 7250 
901 |a Arxiu 
942 |n 1 
952 |0 0  |1 0  |4 0  |6 C3151  |7 1  |9 51159  |a Arxiu  |b Arxiu  |d 2016-12-01  |l 0  |o C-3-151  |p 21066  |r 2016-12-01 00:00:00  |w 2016-12-01  |y ARXIU 
999 |c 55002  |d 55002